00000000cas 2200000zi 4500
0019.942569
003CaOODSP
00520260415150739
006m     o  d f      
007cr cn ||||||||
008240828c20249999oncar p o    f0   b0fre|d
022 |a2818-5951
040 |aCaOODSP|bfre|erda|cCaOODSP
043 |an-cn---
0861 |aRv1-48F-PDF
1102 |aAgence du revenu du Canada.|eauteur, |eorganisme de publication.
222 0|aRapport sur la stratégie ministérielle de développement durable de ... |b(Agence du revenu du Canada)
24510|aRapport sur la stratégie ministérielle de développement durable de ... / |cAgence du revenu du Canada.
264 1|aOttawa (Ontario) : |bAgence du revenu du Canada = Canada Revenue Agency, |c[2024]-
310 |aAnnuel
336 |atexte|btxt|2rdacontent/fre
337 |ainformatique|bc|2rdamedia/fre
338 |aressource en ligne|bcr|2rdacarrier/fre
3621 |aParaît depuis : 2023 à 2024.
500 |aPubl. aussi en anglais sous le titre : ... departmental sustainable development strategy report.
580 |aFusion de : Rapport d'étape partiel sur la Stratégie ministérielle de développement durable de ... de l'Agence du revenu du Canada, et de : Rapport du fin d'année sur la Stratégie ministérielle de développement durable de ... de l'Agence du revenu du Canada.
588 |aDescription d'après : 2023 à 2024; titre de la page couverture du fichier PDF.
588 |aDernière livraison consultée : 2023 à 2024.
61026|aAgence du revenu du Canada|vPériodiques.
650 6|aDéveloppement durable|xPolitique gouvernementale|zCanada|vPériodiques.
655 7|aPériodiques|2rvmgf
77508|t... departmental sustainable development strategy report / |w(CaOODSP)9.942570
78000|tRapport du fin d'année sur la Stratégie ministérielle de développement durable de ... de l'Agence du revenu du Canada.|w(CaOODSP)9.902695
78000|tRapport d'étape partiel sur la stratégie ministérielle de développement durable de ... de l'Agence du revenu du Canada.|w(CaOODSP)9.899776